ARRUPE JESUIT UNIVERSITY

CORONAVIRUS -STOP THE SPREAD - CLEAN,DISINFECT,COVER

Dark days in Ghana, (Record no. 3083)

MARC details
000 -LEADER
fixed length control field 00702cam a22002411 4500
001 - CONTROL NUMBER
control field 290603
005 - DATE AND TIME OF LATEST TRANSACTION
control field 20170607124221.0
008 - FIXED-LENGTH DATA ELEMENTS--GENERAL INFORMATION
fixed length control field 690103s1968 enk 001 0aeng
010 ## - LIBRARY OF CONGRESS CONTROL NUMBER
LC control number 68141468
015 ## - NATIONAL BIBLIOGRAPHY NUMBER
National bibliography number B68-20473
040 ## - CATALOGING SOURCE
Original cataloging agency DLC
Transcribing agency DLC
Modifying agency DLC
043 ## - GEOGRAPHIC AREA CODE
Geographic area code f-gh---
050 00 - LIBRARY OF CONGRESS CALL NUMBER
Classification number DT510.6.N5
Item number A3
082 00 - DEWEY DECIMAL CLASSIFICATION NUMBER
Classification number 320.9/667
100 1# - MAIN ENTRY--PERSONAL NAME
Personal name Nkrumah, Kwame,
Dates associated with a name 1909-1972.
9 (RLIN) 32257
245 10 - TITLE STATEMENT
Title Dark days in Ghana,
Statement of responsibility, etc by Kwame Nkrumah.
260 ## - PUBLICATION, DISTRIBUTION, ETC. (IMPRINT)
Place of publication, distribution, etc London,
Name of publisher, distributor, etc Lawrence & Wishart,
Date of publication, distribution, etc 1968.
300 ## - PHYSICAL DESCRIPTION
Extent 167 p.
Dimensions 19 cm.
350 ## - PRICE (NR) (BK AM CF MU VM SE) [OBSOLETE]
Price 12/6
651 #0 - SUBJECT ADDED ENTRY--GEOGRAPHIC NAME
Geographic name Ghana
General subdivision Politics and government
Chronological subdivision 1957-1979.
9 (RLIN) 23604
906 ## - LOCAL DATA ELEMENT F, LDF (RLIN)
a 7
b cbc
c orignew
d u
e ncip
f 19
g y-gencatlg
942 ## - ADDED ENTRY ELEMENTS (KOHA)
Source of classification or shelving scheme Library of Congress Classification
Item type Monograph ( Printed materials)
Holdings
Withdrawn status Lost status Source of classification or shelving scheme Damaged status Not for loan Collection code Home library Current library Shelving location Date acquired Total Checkouts Full call number Barcode Date last seen Date last borrowed Copy number Price effective from Koha item type
    Library of Congress Classification     Main Collection ARRUPE LIBRARY ARRUPE LIBRARY   27/02/2013 4 DT512.N53 2001 46403959 07/12/2017 01/11/2016 1 27/02/2013 Monograph ( Printed materials)

 

Arrupe Library. PO Box MP320 Mt Pleasant, Harare, Zimbabwe
263 242 745411|librarian@aju.ac.zw